01116nam a22001577a 4500008004100000020001800041050002100059100003700080240010200117245017400219250001800393260003800411300001800449505047100467650002000938140813b19692010sp ||||| |||| 00| 0 spa d a9788420664132 aBF173 bF85 2010 aFreud, Sigmund, 1856-1939eautor10aMassenpsichologie und ich-analyse jenseits des lustprinzips die zukunft einer illusionsespañol aPsicología de las masas:b Más allá del principio del placer. El porvenir de una ilusiónc/ Sigmind, Freud; traducción de Luis López Ballesteros y de Torres  a3a. edición aEspañab: Alianzac, 1969, 2010 a234 páginas aPsicología de las masas Introducción El alma colectiva, según Le Bon Otras concepciones de la vida anímica colectiva Sugestión y libido Dos masas artificiales: La Iglesia y el Ejercito Otros problemas y orientaciones La identificación Enamoramiento e hipnosis El instinto gregario La masa y la horda primitiva Una fase del "yo" Consideraciones suplementarias Más allá del principio del placer El porvenir de una ilusión  0aPSICOANÁLISIS